000 01516nam a22003857a 4500
003 CHAP
005 20220329143457.0
008 091215s2009 mx r 00010 spa d
010 _a97236
011 _a98208
035 _a108892
040 _cCHAP
090 _aTesis
100 1 _aCruz Jiménez, Susana.
_929460
245 1 0 _aAnálisis financiero de la pequeña empresa:
_bservicios integrales automotrices S.A. de C.V.
_c/por Susana Cruz Jiménez
260 _aChapingo, Méx. :
_bEl autor,
_c2009
300 _av, 90 h. :
_banexos, cuadros
502 _aTesis (Lic. en Administración de Empresas Agropecuarias) -- UACH. División de Ciencias Económico- Administrativas
530 _aTambién disponible en línea
590 _aALEPH
_b10
_c20130110
_lUCH01
_h1531
590 _aBATCH-UPD
_b10
_c20130110
_lUCH01
_h0859
590 _aBATCH-UPD
_b10
_c20130410
_lUCH01
_h0529
590 _aBATCH-UPD
_b10
_c20130913
_lUCH01
_h1950
590 _aBATCH-UPD
_b10
_c20140324
_lUCH01
_h1513
590 _aBATCH-UPD
_b10
_c20141002
_lUCH01
_h0841
590 _aCONVERSION
_b10
_c20130109
_lUCH01
_h1354
650 1 4 _aAdministración de empresas.
_9922
650 1 4 _aAutomóviles.
_98415
650 1 4 _aEmpresas pequeñas
_xFinanciamiento.
_936659
856 _3Finding aid
_uhttp://10.13.5.2/tesis/108892.pdf
_zTeclea aqui
901 _aBK
942 _cFOLL
949 _aTesis
_bBC
_cTES
_d33724002134157
_eTS1
_gDonaciØn
_h49831
_i108892
_sb
949 _aTesis
_bBC
_cTES
_d33724002134199
_eTS2
_fc.2
_gDonaciØn
_h49832
_i108892
_sb
999 _c97236
_d97236